| 000 | 01527cam a2200313 a 4500 | ||
|---|---|---|---|
| 999 |
_c818 _d818 |
||
| 001 | 019427688 | ||
| 003 | UkOxU | ||
| 005 | 20191220104927.0 | ||
| 008 | 120807s2012 enka j 000 f eng c | ||
| 015 |
_aGBB279393 _2bnb |
||
| 020 | _a9780440869283 (pbk.) : | ||
| 020 | _a0440869285 (pbk.) : | ||
| 035 | _a(WlAbNL)vtls006383384 | ||
| 035 | _a(Uk)016147373 | ||
| 038 | _aUk | ||
| 040 |
_aStDuBDS _beng _cStDuBDS _dWlAbNL |
||
| 042 | _aukscp | ||
| 082 | _aFIC WIL | ||
| 100 | 1 |
_aWilson, Jacqueline. _eauthor |
|
| 245 | 1 | 4 |
_aThe worst thing about my sister / _cJacqueline Wilson ; illustrated by Nick Sharratt. |
| 260 |
_aLondon : _bDoubleday, _c2012. |
||
| 300 |
_a277 p. : _bill. ; _c20 cm. |
||
| 520 | _aBeing sisters is not always easy, and especially not when you are as different as Marty and Melissa. Marty loves her Converse, playing football, hiding in her secret cave as well as helping her father mediate. Melissa, on the other hand, loves Justin Bieber and everything that is pink and pretty. However, everything goes well until the day the mother tells her that from now on they have to share a room. For Marty, having to share her bunk bed is the worst. But the girls find that living so close to each other has unimaginable consequences and when an accident happens they understand that they are closer than they thought. | ||
| 650 | 0 |
_aSisters _vJuvenile fiction. |
|
| 650 | 0 |
_aFamilies _vJuvenile fiction. |
|
| 655 | 0 | _aChildren's stories. | |
| 700 | 1 |
_aSharratt, Nick. _eIllustrator |
|
| 942 |
_2ddc _cFIC |
||